[Event "Athens Acropolis"]
[Site "Athens"]
[Date "2003.08.25"]
[Round "1"]
[White "Parligras, Mircea Emilian"]
[Black "Atalik, Suat"]
[Result "1-0"]
[WhiteElo "2525"]
[BlackElo "2599"]
[Annotator "Atalik,S"]
[PlyCount "119"]
[EventDate "2003.08.25"]
[EventType "tourn"]
[EventRounds "9"]
[EventCountry "GRE"]
[EventCategory "12"]
[SourceTitle "CBM 097"]
[Source "ChessBase"]
[SourceDate "2003.11.11"]
[SourceVersion "1"]
[SourceVersionDate "2003.11.11"]
[SourceQuality "1"]

1. e4 {Postny} e5 2. Nf3 Nc6 3. d4 exd4 4. Nxd4 Bc5 5. Nxc6 Qf6 6. Qd2 dxc6 7.
Nc3 Bd4 $5 {The most popular one these days.} 8. Nd1 $5 {A rare move. Postny:
'A rare but logical continuation. White's more popular continuations are: 8.f4,
8.Bc4 and the main line 8.Bd3.'} (8. Bc4 Be6 9. Bxe6 fxe6 10. O-O O-O-O 11. Qe2
Bxc3 12. bxc3 Qxc3 13. Rb1 Nf6 14. f3 Rd4 $1 $13 {is already seen
Nataf-Beliavsky,Istanbul(EIC)2003.}) (8. Bd3 Ne7 9. O-O Ng6 10. Kh1 (10. Qe1
Ne5 11. Be2 h5 $1 12. Kh1 Be6 13. f4 Ng4 14. e5 Qg6 15. Bd3 Bf5 16. Bxf5 Qxf5
17. Qe4 Qd7 18. Nd1 $13 {T.Kosintseva-Stefanova,Ekaterinburg 2003.}) (10. Ne2
Bb6 $1 (10... Bxb2 11. Bxb2 Qxb2 12. f4 O-O 13. e5 $44) 11. Nf4 Ne5 12. Be2 Ng4
13. Nd3 Qh4 14. Qf4 g5 15. Qg3 Qxg3 16. hxg3 Rg8 17. Bxg4 Bxg4 18. Re1 c5 19.
Be3 c4 20. Nc5 $11 {Kovalevskaya-Stefanova,Ekaterinburg 2003.}) 10... Ne5 11.
Be2 Ng4 12. Nd1 Qd6 $1 $11 {Nataf-Onischuk,Cap d'Agde 2002.}) 8... Ne7 (8...
Be6 9. c3 (9. Qf4 {Postny} O-O-O 10. Qxf6 gxf6 11. Ne3 Ne7 12. c3 Bc5 13. g3 f5
$132 {1/2-1/2 Collas,D-Glavina Rossi,P/Pamplona 2001/EXT 2003 (46)}) 9... Bc5
10. Qc2 O-O-O 11. Be3 Bxe3 12. Nxe3 Qg6 13. Bd3 Nf6 14. O-O $13) 9. c3 Bb6 10.
Bd3 $146 (10. Qf4 Qxf4 (10... Qd6 {has been already performed.}) 11. Bxf4 Be6
12. Be3 O-O-O 13. Bxb6 axb6 14. Ne3 f5) 10... O-O 11. Qg5 (11. O-O Be6) 11...
Qxg5 {'?!' Postny. Postny: 'This exchange plays in white's hands.'} ({More
logical would have been} 11... Qd6 {Postny} 12. Bc2 Ng6 $132) 12. Bxg5 {
Postny: 'Now white has small, but stable advantage thanks to standart pawns
majority on the kingside.'} f6 13. Be3 f5 $5 {After Mircea's 8.Nd1 I have
already based my plans around f5 but there is no need to rush the things up.
Postny: 'Black is striving for active counterplay.'} (13... Be6 $5 14. Bxb6
axb6 15. a3 Rad8 (15... f5 $6 16. exf5 Nxf5 17. Bxf5 Bxf5 18. Ne3 Rad8 19. Rd1
Be6 (19... Bd3 20. f3 $14) 20. Ke2 $14) 16. Bc2 f5 17. exf5 Nxf5 (17... Bxf5 $6
18. Bb3+ Nd5 19. Ne3 Be6 20. O-O-O $14) 18. Bxf5 Rxf5 19. Ne3 Rb5 20. Rd1 (20.
b4 Rd3 21. Rc1 Re5 22. Ke2 Bc4 23. Kf3 Bd5+ $11) 20... Rd6 21. b4 Re5 22. O-O
b5 23. Rfe1 Bb3 24. Rb1 Bf7 $132) 14. Bxb6 axb6 15. exf5 Nxf5 {This has
appealed to me more than the alternative recapture.} (15... Bxf5 16. Bc4+ Nd5
17. Ne3 Be6 18. O-O Rfe8 19. Rfe1 Kf7 $11) 16. Bc4+ (16. Bxf5 Bxf5 17. Ne3 Be6
18. a3 Bb3 $13 {was my idea.}) 16... Kh8 17. Ne3 {'!?' Postny.} (17. O-O $14 {
Postny}) 17... b5 18. Bb3 Nxe3 {'!?' Postny. Postny: 'This exchange creates a
passed pawn for white, on the other hand white's king becoming somewhat
vulnerable.'} (18... Re8 {Postny} 19. O-O $14 (19. Ke2 $6 b4 $1)) 19. fxe3 Bg4
20. h3 Bh5 21. Rf1 $5 ({I was emphasizing more on} 21. g4 Bg6 22. O-O-O c5 23.
Rd7 c4 24. Bc2 Bxc2 25. Kxc2 c6 26. Kb1 Rae8 27. Re1 Rf3 28. h4 h6 $11) 21...
Rfe8 22. g4 Bg6 23. Ke2 {Postny: 'White's main hope in this endgame - the
passed pawn e3, while black has no opportunity to organize his own on the
queenside. On the other hand it's very hard for white to achieve progress,
while black has possibility to exploit some weak fields in white's camp such
as d3.'} Re7 24. Rf3 Be4 25. Rf7 Rxf7 26. Bxf7 {After the text an interesting
position occurs. I have decided to force the things but the continuation I
have chosen my not be the best.} c5 $2 {I had a weird idea of opening my 7th
rank and using my rook to attack via 6th rank.} ({Of course I knew that if I
would get rid of bishops the game petered out to be a draw.} 26... Bd5 27. Rf1
g6 28. a3 (28. Bxd5 cxd5 29. Rf7 Rxa2 30. Rxc7 Rxb2+ 31. Kd3 b4 32. cxb4 Rxb4
33. Rc5 Kg7 $11) 28... Kg7 29. Bxd5 cxd5 $11) ({Another natural move is} 26...
Rd8 27. g5 (27. Bb3 Bd3+ 28. Kf2 c5 $132) (27. Rd1 $4 Bf3+ $19) 27... g6 $5 $13
(27... Bd3+ 28. Ke1 $13)) 27. Rd1 c4 28. Rd7 g5 (28... h5 $2 29. a3 $1 (29.
gxh5 $2 Rxa2 30. Bg6 Rxb2+ 31. Ke1 Rb1+ 32. Kf2 Rb2+ 33. Kg3 Rg2+ 34. Kf4 Bxg6
35. hxg6 Rxg6 36. Rxc7 Rf6+ 37. Ke5 b6 38. Kd5 Rf3 $132) 29... hxg4 30. hxg4
$18) 29. a3 Ra6 (29... c5 $2 30. Bd5 Bd3+ 31. Kf2 Rf8+ 32. Kg2 b6 33. Rb7 Rf6
34. e4 Rd6 35. Kg3 $18) 30. Bd5 $1 {This was expected.} (30. Rxc7 Rf6 $11 (
30... Rh6 $2 31. Re7 Bd3+ 32. Kf3 Rxh3+ 33. Kg2 Rh4 34. Bh5 $18)) 30... Bd3+
31. Kf3 Rf6+ 32. Kg3 Rf1 {My rook has to swing to the first line.} (32... c6 $2
33. Bf3 b6 (33... Re6 34. Rxb7 Rxe3 35. Kf2 Re6 36. Rc7 $18) 34. Re7 $1 (34.
Rc7 $2 c5 35. Rc6 Kg7 36. Bd5 Rxc6 37. Bxc6 Kf6 38. Bxb5 Ke5 39. Bc6 h6 40. h4
Bg6 $11) (34. e4 $2 Re6) 34... Kg8 35. e4 $18) 33. Rxc7 $1 (33. Bxb7 Rb1 34. b4
(34. e4 Rxb2 35. Rxc7 Rb3 36. e5 Rxc3 37. Ba6 Rxa3 38. Bxb5 Ra5 $11) 34... Rg1+
35. Kh2 Rc1 $13) 33... Rg1+ 34. Kf2 Rf1+ 35. Kg2 Rb1 36. e4 {This is the
danger awaiting black, e pawns walk is pretty dangerous for black.} (36. h4 h6
(36... Rxb2+ 37. Kf3 h6 {is identic to the main note.} (37... gxh4 $2 38. g5 h6
39. Kg4 hxg5 40. Kxg5 Rf2 41. e4 $18)) 37. hxg5 hxg5 38. Rxb7 Rxb2+ 39. Kf3 Rb3
40. Be4 (40. e4 Rxc3 41. Ke3 Rxa3 42. Kd4 Be2 $11) 40... Rxc3 41. Bxd3 cxd3 42.
Rxb5 d2 43. Rd5 Rxa3 44. Rxd2 Kg7 45. Ke4 Kf6 46. Rd6+ Ke7 47. Rb6 Kf7 $14)
36... Rxb2+ 37. Kf3 Rb3 38. Ke3 ({Once again after} 38. h4 h6 {is forced.})
38... Rxc3 39. Kd4 Rxa3 40. Rxb7 Bf1 $2 {I have realised that I have made a
mistake immediately after I have played the move.} (40... Be2 $1 41. Rxb5 Rxh3
42. Bxc4 Bxg4 43. Rxg5 h5 44. e5 Rh1 $11) (40... Rb3 $2 41. Ke5 Rb2 42. h4 h6
43. Kf6 $18) 41. h4 h6 42. hxg5 hxg5 43. Rxb5 Be2 (43... Rg3 44. Be6 Kg7 45.
Ke5 Rf3 46. Rb7+ Kf8 47. Bf5 $18) 44. Be6 Kg7 {The problem is my c pawn is
going nowhere.} (44... c3 45. Rc5 Kg7 46. Ke5 Bd1 47. Rc7+ $18) 45. Ke5 $1 $18
{Despite of limited material the difference between kings decides the issue.} (
45. Bxc4 $2 Ra4 46. Rxg5+ Kf6 47. Rf5+ Ke7 48. Rc5 Bxg4 $11) 45... Ra7 46. Rc5
Kg6 47. Rc6 Kg7 48. Kf5 Ra5+ 49. Bd5 Bd3 50. Rc7+ Kh8 $4 {Idiotic. With this
new time control when I am down to minutes after the 40th move it turns out to
be a catastroph.} (50... Kh6 $1 51. Kf6 $1 {Whites king is walking to g8 to
deliver checkmate.} Ra6+ $1 (51... Ra1 52. Kf7 (52. Rc6 $2 Rf1+ 53. Ke5+ Kg7
54. Bxc4 Bxc4 55. Rxc4 Rf4 $11) 52... Rg1 53. Rc8 Rf1+ 54. Kg8 Rf6 55. e5 Bh7+
56. Kh8 Rf2 57. Bxc4 Bg6 58. Be6 Rf4 (58... Re2 59. Rc3 $18) 59. Bd7 Rf7 60. e6
Re7 61. Kg8 $18) 52. Kf7 Rd6 53. Rc8 Rd7+ 54. Kf6 Rd6+ 55. Ke5 Ra6 56. Bxc4
Bxc4 57. Rxc4 Kg6 58. Rd4 $1 $18) ({After having seen that} 50... Kf8 $4 51.
Kf6 Ra6+ 52. Be6 Ra8 53. Rh7 $18 {loses immediately I have automatically
committed the text and forgot that there exists a third place for the king.})
51. Kf6 Ra6+ 52. Kxg5 Ra5 53. Kh6 Ra6+ 54. Kh5 Rf6 55. Kg5 Ra6 56. Kf5 {
Anything wins.} (56. Bxc4 Bxc4 57. Rxc4 $18) 56... Ra5 57. Ke5 Ra1 58. g5 Rf1 (
58... Ra6 59. Kf5 Rd6 60. Bxc4 Bxc4 61. Rxc4 $18) 59. g6 Rg1 60. Rh7# 1-0

[Event "Olympiad-37"]
[Site "Turin"]
[Date "2006.05.22"]
[Round "2"]
[White "Shytaj, Luca"]
[Black "Atalik, Suat"]
[Result "1/2-1/2"]
[WhiteElo "2433"]
[BlackElo "2632"]
[Annotator "Atalik,S"]
[PlyCount "73"]
[EventDate "2006.05.21"]
[EventType "team-swiss"]
[EventRounds "13"]
[EventCountry "ITA"]
[SourceTitle "CBM 113"]
[Source "ChessBase"]
[SourceDate "2006.07.31"]
[SourceVersion "1"]
[SourceVersionDate "2006.07.31"]
[SourceQuality "1"]
[WhiteTeam "Albania"]
[BlackTeam "Turkey"]
[WhiteTeamCountry "ALB"]
[BlackTeamCountry "TUR"]

1. e4 e5 2. Nf3 Nc6 3. d4 exd4 4. Nxd4 Bb4+ 5. c3 Bc5 {I think late Tony's
line gives some slightly worse position for black.However the positions are
not fully explored and contains some positional venom for both sides.} 6. Nxc6
bxc6 7. Bd3 d6 8. Nd2 Nf6 9. h3 $5 {This is an original approach.} (9. Nb3 Nd7)
9... O-O 10. O-O Re8 (10... Qe7 $142 $5 $13 {may well be the best to keep the
game going on.}) (10... Nd7 11. Nf3 Ne5 12. Nxe5 dxe5 $14) 11. Re1 Nd7 12. Nf3
Ne5 13. Nxe5 dxe5 $1 $11 {Did not Janowski teach us this game of chess?} (13...
Rxe5 $6 14. Bf4 Re8 15. e5 $16) 14. Bc4 (14. Be3 Bb6 $11 (14... Bxe3 $2 15.
Rxe3 Re6 16. Bc4 Rd6 17. Qh5 Qe7 18. Rf3 $18)) 14... Qxd1 $1 {I have to get
rid of queens.} (14... Be6 $2 15. Qa4 $1) 15. Rxd1 Be6 16. Bxe6 (16. Bb3 a5 17.
Ba4 Rad8) 16... Rxe6 17. Kf1 (17. b4 $5 {was looking more natural to me.} Bb6
18. a4 a6 (18... a5 $5 $13) 19. a5 Ba7 20. Ra2 Rd6 21. Rad2 Rad8 22. Kf1 Rxd2
23. Rxd2 Rxd2 24. Bxd2 c5 25. Ke2 (25. Be3 cxb4 26. cxb4 (26. Bxa7 $4 b3 $19)
26... Bxe3 27. fxe3 c6 28. Ke2 Kf8 29. Kd3 Ke7 30. Kc4 Kd6 31. g4 $1 $11) 25...
cxb4 26. cxb4 c6 $11) 17... Rd6 18. Bg5 $1 $11 {This twist has sort of puzzled
me.} f6 19. Bh4 g5 20. Bg3 a5 21. Ke2 Rb8 22. b3 Kf7 23. f3 Ke6 24. Rab1 Rxd1 (
24... h5 25. Be1) 25. Rxd1 a4 26. b4 Bb6 27. Kd3 c5 28. Kc4 cxb4 29. cxb4 Bd4 {
Black's initiative is only optical.} 30. Be1 (30. b5 $5 Rb6 31. Rd2 (31. Rxd4
$2 exd4 32. Bxc7 d3 $19) 31... a3 32. Bf2 Bxf2 33. Rxf2 c6 34. Kb4 (34. bxc6 $2
Rb2 $19) 34... Rxb5+ 35. Kxa3 Kd6 36. Rd2+ Kc7 37. Rb2 $11) 30... Rb6 31. Rb1
h5 32. Bd2 Rc6+ 33. Kd3 Rd6 34. Ke2 $5 (34. Kc4 $11) 34... Rb6 (34... c5 $6 35.
b5 c4 36. Rc1 Rb6 37. Rxc4 Rxb5 38. Rxa4 Rb1 39. Be1 Rb2+ 40. Kf1 Rc2 $1 $44 {
was absolutely unnecessary,especially in a team tournament.} (40... Rb1 41. Rc4
)) 35. Kd3 (35. Rc1 Kd7 36. Kd3 Rd6 37. Ke2 Rc6 38. Kd3 $11) 35... Rd6 36. Ke2
Rb6 37. Kd3 {A logical game!} 1/2-1/2

[Event "Sigeman & Co 14th"]
[Site "Malmo"]
[Date "2006.05.06"]
[Round "9"]
[White "Hector, Jonny"]
[Black "Atalik, Suat"]
[Result "0-1"]
[WhiteElo "2514"]
[BlackElo "2632"]
[Annotator "Atalik,S"]
[PlyCount "80"]
[EventDate "2006.04.28"]
[EventType "tourn"]
[EventRounds "9"]
[EventCountry "SWE"]
[EventCategory "13"]
[SourceTitle "CBM 113"]
[Source "ChessBase"]
[SourceDate "2006.07.31"]
[SourceVersion "1"]
[SourceVersionDate "2006.07.31"]
[SourceQuality "1"]

1. e4 e5 2. Nf3 Nc6 3. d4 exd4 4. Nxd4 Bc5 5. Be3 Qf6 6. c3 Nge7 7. g3 h5 $5 {
This is an interesting move.It is inclusion in many plans may create
unexplored positions.} 8. f4 $2 {This looks positionally wrong to me.} (8. Bg2
$6 h4 (8... Ne5 9. f4 Nc4 10. Bc1 d5 11. exd5 O-O $40) 9. f4 (9. O-O hxg3 10.
fxg3 Qg6 $40) 9... hxg3 (9... Nxd4 10. cxd4 Bb6 11. g4) 10. hxg3 Rxh1+ 11. Bxh1
Qh6 12. Bf3 Qh2 13. Bf2 $15) (8. h3 {is of course the normal move.} d5 9. Bg2 {
After this I have decided to go to an obscure position with 2 knights versus
two bishops.} Bxd4 $5 (9... dxe4 10. Nd2 $13) 10. cxd4 dxe4 11. Nc3 (11. d5 $2
Qxb2) 11... Bf5 12. Nxe4 Bxe4 13. Bxe4 O-O-O 14. O-O Qe6 15. Bg2 Nd5 16. Re1
Nxe3 17. Rxe3 (17. fxe3 Qg6 18. Qf3 Rd6 $13) 17... Rxd4 18. Rxe6 Rxd1+ 19. Rxd1
fxe6 20. Bxc6 bxc6 $11) 8... Bxd4 9. cxd4 d5 10. Nc3 Bg4 11. Be2 dxe4 $6 {
This required a lot of calculation but I have missed something.} (11... Qe6 12.
e5 O-O-O $17) (11... Bxe2 $1 12. Qxe2 dxe4 (12... Nxd4 13. Bxd4 Qxd4 14. Rd1
Qb6 15. Nxd5 Nxd5 16. Rxd5 h4 $15) 13. O-O-O (13. d5 Nd4 14. Nxe4 (14. Qd1 Nef5
15. Qa4+ b5 16. Bxd4 Nxd4 $17) 14... Nxe2 15. Nxf6+ gxf6 16. Kxe2 Nxd5 $17)
13... O-O-O 14. d5 Nb4 15. Qc4 Nd3+ 16. Kb1 Rxd5 17. Qxe4 Rhd8 18. Bxa7 R5d7
$17) 12. Bxg4 hxg4 13. d5 O-O-O (13... Rd8 $2 14. Qb3 Nf5 15. O-O-O Nxe3 16.
Nxe4 $16) 14. Qxg4+ Qf5 15. Qxf5+ Nxf5 {This all looked great for black but
there were some holes in my calculation.} 16. Bc5 (16. dxc6 Nxe3 17. Ke2 Nf5 (
17... Nc4 18. cxb7+ Kxb7 19. Rad1 Rxd1 20. Nxd1 $15) 18. cxb7+ Kxb7 19. g4 Nd4+
20. Kf2 Nc2 (20... e3+ 21. Kg3 $17) 21. Rad1 e3+ 22. Ke2 Rxd1 23. Nxd1 Rh3 $17)
16... b6 17. Ba3 $2 ({We both missed} 17. O-O-O $1 bxc5 (17... Na5 18. Bb4 Nc4
19. Nxe4 Nfe3 20. Rd3 (20. Rd4 c5) 20... Rxd5 21. Rxd5 Nxd5 22. Be1 $1 $13) 18.
dxc6 Rxd1+ (18... Rd4 19. Rxd4 cxd4 20. Nxe4 Rh6 21. Kd2 Rxc6 22. Kd3 $14) (
18... e3 19. Rxd8+ Kxd8 20. Rd1+ Nd4 (20... Kc8 21. Rd7) 21. Ne2 Rxh2 22. Nxd4
cxd4 23. Rxd4+ Ke7 24. Re4+ Kd6 25. Rxe3 Rh5 $1 $11) 19. Rxd1 Rxh2 20. Nxe4 Nd4
21. Nxc5 Rc2+ 22. Kb1 Rxc5 23. Rxd4 Rxc6 24. g4 $11) 17... Nxg3 $1 $19 {
This shot practically decides the game.} 18. Rg1 Nd4 19. hxg3 (19. Rxg3 Nc2+
20. Kd1 Nxa1 21. h3 Rd7 (21... c6 22. Be7 Rxd5+ 23. Nxd5 cxd5 $19) 22. Kc1 Rh4
23. Kb1 Rxf4 24. Rg1 f5 25. Kxa1 Rf2 $19 {The rook and two central pawns
easily prevails two minor pieces in this position.}) 19... Nc2+ 20. Kd1 (20.
Kf2 Rh2+ $19) (20. Kd2 Rh2+ 21. Ne2 Nxa1 22. Rxa1 Rxd5+ 23. Ke3 f5 24. Nd4 g6
$1 $19 (24... c5 25. Nxf5 Rxf5 26. Kxe4 Rf7 $19)) 20... Nxa1 21. Be7 Rd7 22.
Bh4 c6 $2 {This does not throw away the win but gives him extra possibilities.}
(22... b5 $1 {was easy to figure out.I do not know why I have rejected it.} 23.
Kc1 (23. b4 a5 24. a3 Nb3) 23... b4 24. Nxe4 Rxd5 25. Kb1 Re8 (25... f5 26. Ng5
Rhd8 27. Rc1 Rd1 28. b3 R8d2 29. Rxd1 Rxd1+ 30. Kb2 Kd7 $19) 26. Ng5 f6 $19)
23. Nxe4 $2 (23. Kd2 $5 {looks like a good attempt to create an impregnable
fortress but comes just short.} cxd5 24. Rxa1 f5 25. Nb5 d4 26. Rc1+ Kb7 27.
Rc4 d3 28. Rd4 (28. Nd4 $2 b5) 28... Kc6 29. Rxd7 Kxd7 30. Nd4 g6 31. Nb5 a6
32. Nc3 Kc6 33. b4 a5 34. a3 axb4 35. axb4 b5 $19) 23... cxd5 24. Ng5 Rc7 (
24... f6 $2 25. Ne6 Re8 26. f5 g5 27. Bxg5 fxg5 28. Kd2 $44) 25. Kd2 Nc2 26.
Nxf7 Rxf7 27. Kxc2 {So finally we have got a winning ending for black.Despite
of its easy look ,especially because of awkwardly placed Bh4,black has to
sweat a little bit more for his win.My idea was to sac the d pawn and get to
the second rank quickly.} Re8 $1 {Executing the plan.} (27... Kd7 $6 28. Kd3
Rff8 29. Rg2 {looks more resistent.}) 28. Kd3 d4 $1 29. Rc1+ (29. Kxd4 Rd7+)
29... Rc7 30. Rxc7+ Kxc7 31. Kxd4 Re2 32. Kc3 {Black has succeeded to exchange
the rooks and get to the second.Now in the second phase he should bring his
own king to the center and start harassing white's.} Kd6 $1 {I simply wanted
to avoid kingside pawns to be exchanged.} (32... b5 33. f5 $1 Rf2 34. g4 Rg2
35. f6 gxf6 36. Bxf6 Rxg4 $19 37. Kc2 $1 Rg2+ 38. Kb1 Kc6 $19 {is a more
technical win.White is still lost since he could not achieve a4 and b3 .}) 33.
a4 (33. f5 Ke5 34. g4 Rg2 $19) 33... a6 (33... Kd5 34. b3 Kc5 (34... Re3+ 35.
Kb4 Rf3 36. Ka3) 35. b4+ Kd5 36. b5 Re3+ 37. Kb4 Re4+ 38. Kb3 Kc5 $19) 34. Kb3
Kc5 35. Ka3 b5 $1 36. axb5 axb5 $19 {This pawn walking to b3 will decide the
game easily.} 37. f5 (37. Kb3 Re3+ 38. Kc2 Kc4 39. f5 Rf3 40. g4 b4 $19) 37...
Kc4 38. Ka2 (38. b3+ Kc5 39. b4+ Kc4 $19) 38... b4 39. Kb1 b3 40. Kc1 Rc2+ (
40... Kd3 41. Kd1 Rd2+ 42. Ke1 Rxb2 $19) (40... Rc2+ {After this my opponent
resigned.} 41. Kd1 Rxb2 (41... Kd3 42. f6 Rg2 43. Ke1 gxf6 44. Bxf6 Rxg3 45.
Kf2 Rg8 46. Be5 Ra8) 42. f6 Rf2 43. Ke1 Rxf6) 0-1

[Event "Kavala op 19th"]
[Site "Kavala"]
[Date "2010.08.04"]
[Round "6"]
[White "Potkin, Alexey V"]
[Black "Atalik, Suat"]
[Result "0-1"]
[WhiteElo "2318"]
[BlackElo "2607"]
[Annotator "Atalik,S"]
[PlyCount "38"]
[EventDate "2010.07.30"]
[EventType "swiss"]
[EventRounds "9"]
[EventCountry "GRE"]
[SourceTitle "CBM 137 Extra"]
[Source "ChessBase"]
[SourceDate "2010.09.01"]
[SourceVersion "1"]
[SourceVersionDate "2010.09.01"]
[SourceQuality "1"]

{My opponent is the namesake of GM Vladimir Potkin.} 1. e4 e5 2. Nf3 Nc6 3. d4
exd4 4. Nxd4 Bc5 {I have insisted in the same line.} 5. Be3 $5 ({I have an
inclination for the other line.} 5. Nxc6 Qf6 6. Qf3 bxc6 7. Nd2 (7. Nc3 d6 8.
Qg3 Qg6 9. Bd2 Nf6) (7. Qg3 d6 8. Nc3 Qg6 9. Bd2 Nf6 {are twin lines.}) 7... d6
8. Nb3 Bb6 9. a4 a5 10. Bd2 Qxf3 (10... Be6 11. Bc3 Qh6 12. Nd4 Ne7 $13 {
is known.}) 11. gxf3 Ne7 12. Rg1 (12. Be3 Be6 {was my game with Tukhaev from
the same tournament.}) 12... O-O 13. Be3 Bxe3 14. fxe3 c5 15. O-O-O Bb7 16. Bb5
Bc6 17. e5 Bxb5 18. axb5 a4 19. Nd2 d5 20. Nb1 Rfd8 $14) 5... Qf6 6. c3 d6 $5 {
Just a different approach to the known.} (6... Nge7 {is of course the common
move.} 7. Bc4 O-O $5 8. O-O Bb6 9. Na3 Qg6 $14) 7. Bc4 $6 {I have thought that
this might have been risky.} (7. Bb5 Bd7 8. O-O Nge7 $14 {is playable.}) (7.
Be2 Nge7 (7... Qg6 8. Nb5 Bxe3 9. Nxc7+ Kd7 10. Nxa8 Qxg2 11. Rf1 Bf4 $44) 8.
O-O (8. Nb5 $2 Bxe3 9. fxe3 Qh4+ 10. g3 Qxe4) 8... O-O 9. Nb5 Bxe3 10. fxe3 Qg5
11. Nxc7 Qxe3+ 12. Kh1 Rb8 $11) (7. g3 Nge7 8. Bg2 Bd7 $11) 7... Ne5 $2 {
Here around calculation of variations became very difficult for me.} (7... Qg6
$1 8. O-O (8. Nb5 $2 Qxg2 9. Rf1 (9. Nxc7+ Kd7 (9... Kd8 10. Bxc5 Qxh1+ 11. Bf1
Qxe4+ 12. Be2 $11) 10. Bxc5 Qxh1+ 11. Bf1 Qxe4+ 12. Be2 Qe5 13. Bxd6 Qxd6 14.
Qxd6+ Kxd6 15. Nxa8 Nf6 16. Na3 Rd8 $17) 9... Bg4 10. f3 O-O-O $1 $19) 8... Ne5
$17 (8... Bh3 $2 9. Qf3)) 8. Be2 Nh6 $6 {Continuing in the wrong way.} (8...
Qg6 9. Nb5 (9. O-O $6 Bh3 10. Bf3 Nf6 $17) 9... Qxg2 10. Rf1 Bxe3 11. Nxc7+ Kd7
12. Nxa8 Bf4 $44) 9. f3 (9. O-O Qg6 10. f3 O-O) 9... O-O (9... Qg6 10. O-O) 10.
Qd2 $2 {A bad mistake neglecting the development.} (10. O-O Qg6 11. Nd2 f5 12.
Qb3+ (12. exf5 Nxf5 13. Qb3+ Be6) 12... Kh8 13. exf5 Bxf5 $1 $13 {is very
messy.}) 10... Qh4+ 11. Bf2 (11. g3 $2 Qh3 12. Bf1 Bxd4 13. Bxh3 Nxf3+ 14. Ke2
Nxd2 $19) 11... Qe7 12. g4 $2 {He committed an unnecessary error after a long
thought.} (12. O-O f5 13. exf5 Nxf5 14. Nxf5 Bxf2+ 15. Rxf2 Bxf5 16. Na3 $11)
12... d5 $1 (12... f5 13. gxf5 Nxf5 14. Nxf5 Bxf5 15. Bxc5 dxc5 16. Qd5+ Kh8
17. exf5 Qh4+ 18. Kf1 Rxf5 19. Nd2 Ng4 $19 {was also good.}) 13. h3 dxe4 14.
fxe4 f5 $1 {Another breakthrough.} 15. gxf5 Nxf5 16. Na3 (16. Nxf5 Bxf2+ 17.
Kxf2 Bxf5 18. exf5 Rxf5+ 19. Kg2 Rg5+ 20. Kh2 Nf3+ $1 21. Bxf3 Qe5+ $19 {
was the main line of the combination.}) 16... Nh4 $19 (16... Nxd4 17. Bxd4 Qh4+
18. Kd1 Rd8 $19) 17. Bxh4 (17. Nac2 Bxd4 18. Nxd4 c5 $19) 17... Qxh4+ 18. Kd1
Bxa3 19. bxa3 c5 {End of a realatively easy game.} (19... c5 20. Qe3 cxd4 21.
cxd4 Ng4 $19) 0-1

[Event "Paracin Summer op-A 10th"]
[Site "Paracin"]
[Date "2017.07.10"]
[Round "4"]
[White "Cerovic, Danilo"]
[Black "Atalik, Suat"]
[Result "0-1"]
[WhiteElo "2335"]
[BlackElo "2525"]
[Annotator "Atalik,S"]
[PlyCount "42"]
[EventDate "2017.07.07"]
[EventType "swiss"]
[EventRounds "9"]
[EventCountry "SRB"]
[SourceTitle "CBM 180"]
[Source "ChessBase"]
[SourceDate "2017.09.13"]
[SourceVersion "1"]
[SourceVersionDate "2017.09.13"]
[SourceQuality "1"]

1. e4 e5 2. Nf3 Nc6 3. d4 exd4 4. Nxd4 Bc5 5. Nb3 $5 Bb6 6. Nc3 Nf6 7. Qe2 a5
$5 8. a4 (8. e5 $2 O-O 9. exf6 a4 $17) 8... O-O 9. Bg5 (9. Be3 $5 Bxe3 10. Qxe3
Nb4 11. O-O-O d5 $132) 9... h6 10. Bh4 Nd4 11. Nxd4 $2 $146 {Danilo who had
really been burning a lot of time since the very early stages of the game
presumably missed the Qe7-a3 idea.} (11. Qd3 Nxb3 (11... d5 $2 12. Bxf6) 12.
cxb3 c6 13. O-O-O d5 $1 $132) 11... Bxd4 12. O-O-O Bxc3 13. bxc3 Qe7 $17 14.
Rd4 Re8 (14... Ra6 $5) 15. f3 d5 $1 16. e5 Qa3+ 17. Kd2 c5 18. Rd3 Qxa4 $5 (
18... Bf5 19. Re3 Qxa4 (19... d4 $5 20. cxd4 Qb2 21. Qc4 Rad8 $19) 20. exf6
Rxe3 $1 21. Qxe3 Re8 {could have been simpler.}) 19. Bxf6 gxf6 20. Rxd5 (20.
Qe3 Rxe5 21. Qxh6 d4 $1 22. Qxf6 dxc3+ 23. Rxc3 Qd4+ 24. Rd3 Re2+ $19) 20...
Be6 21. Rd6 Rad8 $6 {I should have kept the queens on the board but my
opponent got frustrated and resigned prematurely.} (21... Bf5 $142 $19) (21...
Rad8 $6 22. Qe4 Qxe4 23. fxe4 fxe5 24. Rxd8 Rxd8+ 25. Kc1 a4 26. Bd3 a3 $19)
0-1